| 000 | 00758nam a2200193 4500 | ||
|---|---|---|---|
| 001 | 117421 | ||
| 003 | ES-MaACL | ||
| 005 | 20230906190912.0 | ||
| 007 | t| | ||
| 008 | 070214s1966 sp r ||||1| spa d | ||
| 100 | 1 |
_aPeciña Espadas, José. _989852 |
|
| 245 | 1 | 0 |
_aRama del metal _b: taller, Curso segundo, fresa / _c[por José Peciña Espadas y Julián Manrique Lorenzo]. |
| 260 |
_aMadrid : _bCentro Nacional de Formación del Profesorado y Monitores, _c1966. |
||
| 300 |
_a175 p. : _bil ; _c26 cm. |
||
| 500 | _aPrecede al tit. : Obra Sindical de Formación Profesional. | ||
| 700 | 1 |
_aManrique Lorenzo, Julián. _976106 |
|
| 710 | 2 |
_aCentro Nacional de Formación del Profesorado y Monitores (España) _92766 |
|
| 852 |
_aES-MaACL _jC-29721 _bR.61936 |
||
| 999 |
_c117421 _d117421 |
||